00511nam a2200181 a 4500001001300000003000900013005001700022008004100039020002300080082001600103100001100119245008500130260004100215300001000256500003500266650001700301700001100318nice12345678IN_TiNIC20260116014909.0140722s2007 newa grp 000 0 eng  a9780307406217c35000a291.4bOSH4 aOsho,  aEmotional Wellnessb Transforming Fear, Anger, and Jealousy into Creative Energy aNew York, USA bHarmony Books c2007 a293p  aincludes index and biblioraphy aSpirituality1 aOsho,